[Event "Druzynowe Mistrzostwa Polski - II Liga 2023"]
[Site "Jastrzebia Gora"]
[Date "1899-12-30"]
[Round "5.21"]
[White "Maciaga, Marcin"]
[Black "Grajczak, Adrian"]
[Result "1-0"]
[WhiteTitle "k++"]
[BlackTitle "I++"]
[WhiteElo "2123"]
[BlackElo "1858"]

1. c4 Nf6 2. Nf3 g6 3. g3 Bg7 4. Bg2 O-O 5. O-O d6 6. Nc3 e5 7. d3 c6 8. Rb1 a5
9. a3 Re8 10. e4 h6 11. h3 Na6 12. Be3 Be6 13. b4 axb4 14. axb4 Nd7 15. Qe2 Nc7
16. b5 Nc5 17. Rfc1 Qd7 18. Kh2 Kh7 19. Nxe5 Bxe5 20. d4 Na4 21. Nxa4 Rxa4 22.
dxe5 dxe5 23. Rb2 Rea8 24. Rd2 Qe7 25. f4 Qa3 26. Rd3 Qa2 27. Qxa2 Rxa2 28. Bb6
Ne8 29. bxc6 bxc6 30. fxe5 Re2 31. Re3 Rd2 32. Kg1 Raa2 33. Bf1 g5 34. Rf3 g4
35. hxg4 Kg6 36. Be3 Rdc2 37. Rxc2 Rxc2 38. Bd3 Ra2 39. Rf2 Ra3 40. Rd2 Bxg4 41.
Kf2 Be6 42. Be2 Ra8 43. Rd1 h5 44. Bf4 Ra2 45. Rd2 Rxd2 46. Bxd2 f6 47. Bc3 fxe5
48. Bxe5 Nf6 49. Ke3 Nd7 50. Bd6 Kg5 51. c5 Nf6 52. Be7 Kg6 53. Bxf6 Kxf6 54.
Bxh5 Bb3 55. Kf4 Ke6 56. g4 Bd1 57. Bg6 Kf6 58. Bf5 1-0

[Event "Druzynowe Mistrzostwa Polski - II Liga 2023"]
[Site "Jastrzebia Gora"]
[Date "1899-12-30"]
[Round "5.22"]
[White "Brylowski, Marian"]
[Black "Syrkiewicz, Michal"]
[Result "0-1"]
[WhiteTitle "I++"]
[BlackTitle "k"]
[WhiteElo "1927"]
[BlackElo "2041"]

1. Nf3 d5 2. d3 Nf6 3. g3 c6 4. Bg2 Bf5 5. O-O e6 6. Nbd2 Be7 7. c3 h6 8. Re1 O-O
9. Qb3 Qc7 10. e4 Bh7 11. e5 Nfd7 12. d4 c5 13. Nf1 Nc6 14. h4 Rfc8 15. Bf4 cxd4
16. Nxd4 Ncxe5 17. h5 Bf6 18. Nf3 Nxf3+ 19. Bxf3 Qb6 20. Qa3 Qc5 21. Qb3 Qc6 22.
Qd1 Qb5 23. Qd2 Nc5 24. Nh2 Ne4 25. Qc1 Ng5 26. Bg2 Bf5 27. Bxg5 hxg5 28. Qd2
Qd3 29. Rad1 Qxd2 30. Rxd2 Rc4 31. Nf1 Rc7 32. Ne3 Bh7 33. Rde2 Kf8 34. Rd2 Rb8
35. g4 b5 36. Bf1 Rc6 37. f3 Ra6 38. a3 Ra4 39. Red1 Be5 40. Kf2 Ra6 41. Bd3 Bxd3
42. Rxd3 Rc6 43. Nc2 a5 44. Re1 Bf4 45. Nd4 Rc7 46. Re2 b4 47. cxb4 axb4 48. a4
Ra8 49. Nb5 Rc1 50. b3 Rac8 51. Nd4 Rh1 52. Re1 Bg3+ 53. Kxg3 Rxe1 54. Nb5 Rb1
55. f4 gxf4+ 56. Kxf4 Rc2 57. Kg5 Ke7 58. a5 Ra2 59. Nd4 Rc1 60. Re3 Rxa5 61.
Nf5+ Kf8 62. Nd4 Rd1 63. Nc6 d4+ 0-1

[Event "Druzynowe Mistrzostwa Polski - II Liga 2023"]
[Site "Jastrzebia Gora"]
[Date "1899-12-30"]
[Round "5.23"]
[White "Bugajski, Robert"]
[Black "Brylowski, Stefan"]
[Result "1/2-1/2"]
[WhiteTitle "FM"]
[BlackTitle "I++"]
[WhiteElo "1928"]
[BlackElo "1942"]

1. Nf3 d5 2. g3 c5 3. Bg2 Nc6 4. d4 Nf6 5. O-O e6 6. c4 Be7 7. cxd5 exd5 8. Nc3
O-O 9. Bg5 Be6 10. Rc1 b6 11. Qa4 Rc8 12. Rfd1 h6 13. Bxf6 Bxf6 14. dxc5 bxc5
15. e4 d4 16. Ne2 Qa5 17. Qxa5 Nxa5 18. b3 g5 19. Ne1 Be7 20. f4 f6 21. h4 Rfd8
22. Kh2 Nc6 23. Bh3 Kf7 24. Nd3 Nb8 25. Bxe6+ Kxe6 26. hxg5 hxg5 27. Kg2 Nd7 28.
Rc2 f5 29. e5 g4 30. Rdc1 Rb8 31. Rh1 Rh8 32. Rxh8 Rxh8 33. Rc4 Nb6 34. Rc1 Kd5
35. Nb2 Ke4 36. Re1 Ke3 37. Nc1+ Kd2 38. Ncd3 Nd5 39. Rd1+ Kc2 40. Rc1+ Kd2 1/2-1/2

[Event "Druzynowe Mistrzostwa Polski - II Liga 2023"]
[Site "Jastrzebia Gora"]
[Date "1899-12-30"]
[Round "5.24"]
[White "Baginskaite, Kamile"]
[Black "Michalska, Aleksandra"]
[Result "1-0"]
[WhiteTitle "WGM"]
[BlackTitle "I++"]
[WhiteElo "2097"]
[BlackElo "1844"]

1. d4 Nf6 2. c4 g6 3. Nc3 Bg7 4. e4 d6 5. h3 Nbd7 6. Nf3 e5 7. g3 exd4 8. Nxd4
Nc5 9. Bg2 O-O 10. O-O Ne6 11. Nde2 Rb8 12. Be3 b6 13. b4 Re8 14. Qc2 Bb7 15.
Rad1 Qc8 16. Nd5 Nf8 17. c5 Nxd5 18. exd5 bxc5 19. bxc5 Ba6 20. Rb1 Bxe2 21. Qxe2
Qf5 22. Qd1 Nd7 23. Rxb8 Rxb8 24. cxd6 cxd6 25. Qa4 Nf6 26. Qxa7 Re8 27. Qa4 Qc8
28. Rc1 Qb8 29. Bd4 Qa8 30. Qc6 Qd8 31. a4 Kf8 32. Bb6 Qd7 33. Bc7 Qxc6 34. dxc6
Rc8 35. Bxd6+ Ke8 36. c7 Kd7 37. Be5 Ne8 38. Bc6+ Ke7 39. Bxg7 Nxg7 40. Bb7 Kd7
41. Bxc8+ Kxc8 42. a5 Ne6 43. a6 Nxc7 44. a7 Kb7 45. Rxc7+ 1-0

[Event "Druzynowe Mistrzostwa Polski - II Liga 2023"]
[Site "Jastrzebia Gora"]
[Date "1899-12-30"]
[Round "5.25"]
[White "Banasik, Krzysztof"]
[Black "Grzesik, Gracjan"]
[Result "0-1"]
[WhiteTitle "k+"]
[BlackTitle "k"]
[WhiteElo "2211"]
[BlackElo "2149"]

1. e4 c5 2. Nc3 a6 3. g3 b5 4. Bg2 Bb7 5. d3 e6 6. Nf3 d6 7. O-O Nf6 8. a4 b4 9.
Ne2 Be7 10. c4 bxc3 11. Nxc3 O-O 12. Re1 e5 13. Nh4 Nc6 14. Nf5 Nd4 15. Nxd4 cxd4
16. Nb1 a5 17. Na3 Nd7 18. Nc4 Qc7 19. Bd2 Bc6 20. f4 Nc5 21. Ra3 Bd7 22. Qf3
Be6 23. Rc1 Rfb8 24. Nxa5 Rxb2 25. f5 Rxd2 26. fxe6 Qxa5 27. exf7+ Kh8 28. Rf1
Rf8 29. Rb1 Rc2 30. Raa1 g6 31. h4 Kg7 32. Rf1 Nb3 33. Rad1 Nd2 0-1

[Event "Druzynowe Mistrzostwa Polski - II Liga 2023"]
[Site "Jastrzebia Gora"]
[Date "1899-12-30"]
[Round "5.26"]
[White "Sokolowski, Ryszard"]
[Black "Ciszewski, Krzysztof"]
[Result "0-1"]
[WhiteTitle "k"]
[BlackTitle "k"]
[WhiteElo "1958"]
[BlackElo "2055"]

1. d4 Nf6 2. c4 g6 3. Nc3 Bg7 4. e4 d6 5. Be2 O-O 6. Bg5 Na6 7. Qd2 e5 8. d5 Nc5
9. f3 h6 10. Be3 a5 11. g4 h5 12. g5 Ne8 13. O-O-O a4 14. Kb1 Bd7 15. h4 Qc8 16.
Bf1 Kh7 17. Nh3 Rb8 18. Nf2 b6 19. Qc2 Ra8 20. Nd3 Nxd3 21. Bxd3 Qb7 22. Rh2 c5
23. dxc6 Bxc6 24. Nd5 Bxd5 25. cxd5 Nc7 26. Rc1 Na6 27. Bb5 Rac8 28. Bc6 Qc7 29.
Qxa4 Nc5 30. Qb5 f5 31. b4 Rb8 32. Rb2 fxe4 33. fxe4 Nxe4 34. Rbc2 Rf3 35. Qe2
Rbf8 36. Bg1 Ng3 37. Qa6 e4 38. Qxb6 Rb8 39. Bb7 Qxb7 40. Qxb7 Rxb7 41. Rc4 Ne2
42. Re1 Nxg1 43. Rxg1 Rf2 44. a3 Rb2+ 45. Kc1 Ra7 46. Rg3 Rf7 47. Rcc3 Bxc3 0-1

[Event "Druzynowe Mistrzostwa Polski - II Liga 2023"]
[Site "Jastrzebia Gora"]
[Date "1899-12-30"]
[Round "5.27"]
[White "Budzisz, Adrian"]
[Black "Majewski, Krzysztof"]
[Result "1/2-1/2"]
[WhiteTitle "k"]
[BlackTitle "I+"]
[WhiteElo "2084"]
[BlackElo "1903"]

1. e4 e6 2. d4 d5 3. Bd3 dxe4 4. Bxe4 Nf6 5. Bf3 c5 6. Ne2 Nc6 7. Be3 Qb6 8. Nbc3
cxd4 9. Nxd4 Nxd4 10. Bxd4 Bc5 11. Na4 Qa5+ 12. c3 Bxd4 13. Qxd4 O-O 14. Nc5 Qc7
15. O-O-O Rb8 16. Qd6 Qxd6 17. Rxd6 b6 18. Nb3 Ba6 19. Rhd1 Bc4 20. Nd4 Rbc8 21.
g4 h6 22. h4 Bxa2 23. Nc6 Rc7 24. g5 hxg5 25. hxg5 Nd5 26. Be4 g6 27. Bxd5 Bxd5
28. Nb4 Bb3 29. Rh1 Rc5 30. f4 Kg7 31. Rd7 a5 32. Nd3 Rd5 33. Ne5 b5 34. Rxd5
Bxd5 35. Rh3 Rd8 36. Kc2 a4 37. c4 Bxc4 38. Kc3 Bb3 39. Ng4 Rc8+ 40. Kd4 Bd1 41.
Nf6 Bh5 42. Rc3 Rxc3 43. Kxc3 Kf8 44. Kb4 Be2 45. Kc5 Ke7 46. Ng8+ Kd8 47. Nh6
Ke8 48. Ng8 Bc4 49. Nf6+ Kd8 50. Ne4 Ke7 51. Nd6 e5 52. fxe5 Ke6 53. Nxb5 Bb3
54. Nd4+ Kxe5 55. Nxb3 axb3 56. Kc4 f5 57. gxf6 Kxf6 58. Kxb3 Ke6 1/2-1/2

[Event "Druzynowe Mistrzostwa Polski - II Liga 2023"]
[Site "Jastrzebia Gora"]
[Date "1899-12-30"]
[Round "5.28"]
[White "Gajdzica, Maciej"]
[Black "Szczesniak, Konrad"]
[Result "1-0"]
[WhiteTitle "k"]
[BlackTitle "k"]
[WhiteElo "1968"]
[BlackElo "2011"]

1. d4 d5 2. c4 c6 3. Nf3 Nf6 4. Nc3 a6 5. c5 Nbd7 6. Bf4 Nh5 7. e3 Nxf4 8. exf4
g6 9. Bd3 Bg7 10. O-O O-O 11. Re1 Nf6 12. Ne5 Nh5 13. Qf3 Bh6 14. Ne2 f5 15. b4
Nf6 16. Qh3 Kg7 17. f3 Nd7 18. g3 Nxe5 19. dxe5 e6 20. Nd4 g5 21. fxg5 Bxg5 22.
f4 Bh6 23. Kh1 Rf7 24. Rg1 Qf8 25. Raf1 Kh8 26. g4 Bg7 27. gxf5 exf5 28. Rg5 a5
29. Rh5 h6 30. Bxf5 axb4 31. Rg1 Ra3 32. Qg4 Rxa2 33. Qg6 Bxf5 34. Nxf5 Rxf5 35.
Rxf5 Qg8 36. Rh5 Qf8 37. f5 1-0

[Event "Druzynowe Mistrzostwa Polski - II Liga 2023"]
[Site "Jastrzebia Gora"]
[Date "1899-12-30"]
[Round "5.29"]
[White "Zgadzaj, Rafal"]
[Black "Lonski, Aleksander"]
[Result "0-1"]
[WhiteTitle "CM"]
[BlackTitle "I"]
[WhiteElo "1913"]
[BlackElo "1805"]

1. Nf3 c5 2. c4 g6 3. Nc3 Bg7 4. g3 Nc6 5. Bg2 e6 6. O-O Nge7 7. d3 O-O 8. Bd2
d5 9. cxd5 exd5 10. Qc1 Be6 11. Bh6 Qd7 12. Bxg7 Kxg7 13. Ng5 Rac8 14. Re1 h6
15. Nxe6+ fxe6 16. Qd2 Rf7 17. Rac1 b6 18. Rf1 Rcf8 19. a3 Nd4 20. Qd1 Nec6 21.
Nb1 Ne5 22. Nd2 Rf6 23. e3 Ndf3+ 24. Nxf3 Nxf3+ 25. Bxf3 Rxf3 26. Kg2 Qf7 27.
Qe2 Qf5 28. b4 c4 29. dxc4 Qe4 30. Kg1 d4 31. Qb2 e5 32. exd4 exd4 33. Rcd1 Rd3
34. Qc2 Rxg3+ 0-1

[Event "Druzynowe Mistrzostwa Polski - II Liga 2023"]
[Site "Jastrzebia Gora"]
[Date "1899-12-30"]
[Round "5.30"]
[White "Krzywnicka, Maria"]
[Black "Pietrzak, Emilia"]
[Result "1-0"]
[WhiteTitle "I++"]
[BlackTitle "I++"]
[WhiteElo "1835"]
[BlackElo "1671"]

1. e4 c5 2. Nc3 Nc6 3. g3 g6 4. Bg2 Bg7 5. d3 e5 6. f4 d6 7. Nh3 Nge7 8. O-O O-O
9. f5 gxf5 10. exf5 Bxf5 11. Rxf5 Nxf5 12. Be4 Nh6 13. Qh5 f5 14. Bd5+ Kh8 15.
Bxh6 Bxh6 16. Qxh6 Rf6 17. Qh5 Qe8 18. Qh4 Qg6 19. Ng5 h6 20. Nh3 Nd4 21. Rf1
Kg7 22. Bf3 Nxf3+ 23. Rxf3 Qf7 24. Qc4 Qh5 25. Kg2 Raf8 26. Qd5 Qf7 27. Nf2 h5
28. Nfd1 h4 29. Ne3 f4 30. Qxf7+ R8xf7 31. gxf4 Rxf4 32. Rxf4 Rxf4 33. Ncd5 1-0

[Event "Druzynowe Mistrzostwa Polski - II Liga 2023"]
[Site "Jastrzebia Gora"]
[Date "1899-12-30"]
[Round "5.31"]
[White "Kaczmarek, Aleksander"]
[Black "Karpus, Michal"]
[Result "1-0"]
[WhiteTitle "FM"]
[BlackTitle "FM"]
[WhiteElo "2276"]
[BlackElo "2246"]

1. e4 e6 2. d4 d5 3. e5 c5 4. c3 Nc6 5. Nf3 Nh6 6. Bxh6 gxh6 7. Bb5 Bd7 8. Bxc6
bxc6 9. O-O Qb6 10. b3 cxd4 11. Nxd4 Bg7 12. f4 O-O 13. Nd2 f6 14. Qg4 fxe5 15.
fxe5 Kh8 16. Rae1 Qc5 17. Re3 Rxf1+ 18. Nxf1 Rg8 19. Qh4 Qa3 20. h3 Qc1 21. Qe7
Bc8 22. Qxa7 Qb2 23. Rg3 c5 24. Nc6 Qe2 25. Nd8 1-0

[Event "Druzynowe Mistrzostwa Polski - II Liga 2023"]
[Site "Jastrzebia Gora"]
[Date "1899-12-30"]
[Round "5.32"]
[White "Karut, Kacper"]
[Black "Szewczyk, Mariusz"]
[Result "1/2-1/2"]
[WhiteTitle "I"]
[BlackTitle "k"]
[WhiteElo "2065"]
[BlackElo "2134"]

1. e4 e5 2. Nf3 Nc6 3. Nc3 Nf6 4. d4 exd4 5. Nd5 Be7 6. Bd3 O-O 7. O-O d6 8. h3
h6 9. a3 Ne5 10. Nxd4 Nxd5 11. exd5 Nxd3 12. Qxd3 Bf6 13. Bd2 Bd7 14. c4 Re8 15.
Bc3 Qe7 16. Rfe1 Qf8 17. Nf3 Bxc3 18. Qxc3 b6 19. Rxe8 Rxe8 20. Re1 Re7 21. Re3
Qe8 22. Qe1 Rxe3 23. Qxe3 Qxe3 24. fxe3 b5 25. b3 bxc4 26. bxc4 Bf5 27. Nd2 Bd3
28. e4 f5 29. exf5 Bxf5 30. Kf2 Kf7 31. Ke3 Kf6 32. Nf3 Bd7 33. Ke4 c5 34. Nd2
Bf5+ 35. Ke3 Bc2 36. g3 Bf5 37. g4 Bc2 38. Kf4 g5+ 39. Ke3 Bd1 40. Nf1 Ke5 41.
Nd2 Bc2 42. Nf3+ Kf6 43. Nd2 Bg6 44. Ne4+ Ke5 45. Nd2 h5 46. gxh5 Bxh5 47. Ne4
Be2 48. Nxd6 Bf1 49. Ne4 Bxc4 50. d6 Ke6 51. Nxc5+ Kxd6 52. Ne4+ Ke5 53. Nxg5
Kf5 54. Nf3 Bf1 55. Ng1 Kg5 56. Kf2 Bc4 57. Kg3 Kf5 58. Nf3 Bf7 59. Nd4+ Kg5 60.
h4+ Kh5 61. Ne2 a5 62. Nf4+ Kh6 63. Kg4 a4 64. Kf5 Bb3 65. Ke5 Bc2 66. Kd4 Bb3
67. Kc3 Bd1 68. Kb4 Bc2 69. Kb5 Bd1 70. Ka5 Bc2 71. Kb4 Bd1 72. Nd5 Kh5 73. Nc3
Bc2 74. Nxa4 Kxh4 75. Nc5 Kg5 76. Kc3 Bd1 77. Kd2 Bf3 78. a4 Kf6 79. a5 Ke7 80.
Ke3 Kd6 81. Kd4 Kc6 82. Ne4 Bxe4 83. a6 Kb6 84. Kxe4 Kxa6 1/2-1/2

[Event "Druzynowe Mistrzostwa Polski - II Liga 2023"]
[Site "Jastrzebia Gora"]
[Date "1899-12-30"]
[Round "5.33"]
[White "Litner, Igor"]
[Black "Pacuszka, Tomasz"]
[Result "0-1"]
[WhiteTitle "I++"]
[BlackTitle "FM"]
[WhiteElo "1954"]
[BlackElo "2156"]

1. d4 Nf6 2. c4 e6 3. Nc3 Bb4 4. Qc2 b6 5. a3 Bxc3+ 6. Qxc3 Bb7 7. e3 d6 8. f3
Nbd7 9. Bd3 e5 10. Ne2 e4 11. fxe4 Nxe4 12. Qc2 Qh4+ 13. Ng3 Nxg3 14. Qf2 Nf6
15. Qxg3 Qxg3+ 16. hxg3 Bxg2 17. Rh4 O-O-O 18. Bd2 Rde8 19. O-O-O Be4 20. Be2
Bg6 21. Bf3 Ne4 22. Bxe4 Rxe4 23. Rxe4 Bxe4 24. Rf1 f5 25. Rf2 h5 26. Rh2 Kd7
27. Be1 c6 28. Kd2 g6 29. Kc3 Ke6 30. b3 Re8 31. Rf2 Kf6 32. Bd2 Kg5 33. Rf4 Rb8
34. a4 Kf6 35. Rf2 a6 36. Kb4 d5 37. Kc3 Kg5 38. Rf4 b5 39. axb5 axb5 40. c5 Ra8
41. Kb2 Kf6 42. Rh4 Bf3 43. Rh2 Re8 44. Rf2 Be4 45. Rh2 Rh8 46. Be1 g5 47. Kc3
Kg6 48. Kb2 Bf3 49. Rf2 Bd1 50. Rd2 Bg4 51. Rh2 Re8 52. Bd2 Bd1 53. Rh1 Bf3 54.
Rh2 Re4 55. Rf2 g4 56. Kc3 h4 57. gxh4 g3 58. Rf1 g2 59. Rg1 Kh5 60. Kd3 Rxh4
61. Be1 Rh1 62. Bf2 Kg4 63. Kd2 Kh3 0-1

[Event "Druzynowe Mistrzostwa Polski - II Liga 2023"]
[Site "Jastrzebia Gora"]
[Date "1899-12-30"]
[Round "5.34"]
[White "Krainski, Aleksander"]
[Black "Rzeszowski, Dominik"]
[Result "1-0"]
[WhiteTitle "FM"]
[BlackTitle "I++"]
[WhiteElo "2090"]
[BlackElo "1940"]

1. d4 d5 2. Nf3 Nc6 3. c4 Bg4 4. cxd5 Bxf3 5. exf3 Qxd5 6. Be3 e5 7. Nc3 Bb4 8.
Qa4 exd4 9. Qxb4 Nxb4 10. Nxd5 Nxd5 11. Bxd4 Ngf6 12. O-O-O O-O 13. Bc4 Nb6 14.
Bb3 Nfd7 15. Rhe1 Rfe8 16. Kb1 Rxe1 17. Rxe1 c5 18. Be3 c4 19. Bc2 Nd5 20. Bd2
Nc5 21. Rd1 b5 22. a3 f6 23. g3 Nc7 24. Be3 N7e6 25. Rd5 Rc8 26. f4 g6 27. f5
gxf5 28. Bxf5 Rc6 29. Bc2 a5 30. f4 b4 31. f5 b3 32. Bd1 Ne4 33. fxe6 c3 34. Bxb3
1-0

[Event "Druzynowe Mistrzostwa Polski - II Liga 2023"]
[Site "Jastrzebia Gora"]
[Date "1899-12-30"]
[Round "5.35"]
[White "Powalka, Michal"]
[Black "Krainski, Slawomir"]
[Result "1-0"]
[WhiteTitle "I++"]
[BlackTitle "k"]
[WhiteElo "1943"]
[BlackElo "1982"]

1. e4 e6 2. d4 d5 3. Nd2 Nf6 4. e5 Nfd7 5. f4 c5 6. c3 Nc6 7. Ndf3 Qb6 8. Ne2 f6
9. g3 cxd4 10. cxd4 fxe5 11. fxe5 Bb4+ 12. Bd2 O-O 13. Bg2 Ndxe5 14. dxe5 Nxe5
15. Bxb4 Qxb4+ 16. Kf2 Qe4 17. Nc3 Ng4+ 18. Kf1 Ne3+ 19. Ke2 Nxd1+ 20. Nxe4 dxe4
21. Rhxd1 exf3+ 22. Bxf3 e5 23. Ke3 Be6 24. Rd6 Kf7 25. Bxb7 Rab8 26. Rf1+ Ke7
27. Rxf8 Kxf8 28. Rxe6 Rxb7 29. b3 a5 30. Rxe5 a4 31. bxa4 Rb2 32. h4 Rxa2 33.
a5 Ra3+ 34. Kf4 Kf7 35. Rb5 Ra4+ 36. Kf5 h5 37. Ke5 Rg4 38. a6 Ra4 39. Rb7+ Kg6
40. a7 Ra5+ 41. Kd6 Kf6 42. Kc7 g5 43. hxg5+ Kxg5 44. Kb8 1-0

[Event "Druzynowe Mistrzostwa Polski - II Liga 2023"]
[Site "Jastrzebia Gora"]
[Date "1899-12-30"]
[Round "5.36"]
[White "Hertlein, Irena"]
[Black "Rudnik, Anna"]
[Result "0-1"]
[WhiteTitle "WFM"]
[BlackTitle "I++"]
[WhiteElo "2050"]
[BlackElo "1800"]

1. e4 e5 2. Nf3 Nc6 3. Bb5 a6 4. Ba4 Nf6 5. O-O b5 6. Bb3 Be7 7. Re1 d6 8. c3 Na5
9. Bc2 c5 10. h3 Nc6 11. d4 Qc7 12. Be3 O-O 13. Nbd2 Bb7 14. d5 Nb8 15. Nf1 Rc8
16. Ng3 c4 17. Nf5 Bf8 18. N3h4 g6 19. Nh6+ Kh8 20. Qf3 Bxh6 21. Bxh6 Ng8 22.
Bd2 f6 23. Qg3 Qf7 24. f4 exf4 25. Bxf4 g5 26. Bxd6 gxh4 27. Qxh4 Qg6 28. Re2
Qh6 29. Qg4 Qg7 30. Qf4 Nd7 31. e5 Bxd5 32. Bf5 fxe5 33. Qd2 Ngf6 34. Bxd7 Rd8
35. Bxe5 Rxd7 36. Qf4 Rf8 37. Rf1 Rdf7 38. Ref2 Kg8 39. Qd4 Ba8 40. g4 Qh6 41.
Kh2 Nd7 42. Rxf7 Rxf7 43. Rxf7 Nxe5 44. Rxh7 Nf3+ 45. Kg3 Kxh7 46. Qa7+ Qg7 47.
Qxa8 Ng5 48. Qxa6 Qe5+ 49. Kf2 Qf4+ 50. Ke2 Qf3+ 51. Ke1 Qe3+ 52. Kf1 Qxh3+ 53.
Ke1 Qg3+ 54. Kf1 Qf4+ 55. Ke2 Qxg4+ 56. Kf1 Qf3+ 57. Ke1 Qe3+ 58. Kf1 Qc1+ 59.
Kf2 Qxb2+ 60. Kf1 Qc1+ 61. Kg2 Qd2+ 62. Kf1 Qd3+ 63. Kg2 Qf3+ 64. Kg1 Ne4 65.
Qb7+ Kg6 66. Qc6+ Kh5 67. Qe8+ Kg4 68. Qg6+ Ng5 69. Qg7 Qd1+ 70. Kg2 Qd2+ 71.
Kg1 Kg3 72. Qe5+ Qf4 73. Qe1+ Kg4 74. Qd1+ Nf3+ 75. Kf1 Kg3 76. Qd7 Ne5+ 0-1

[Event "Druzynowe Mistrzostwa Polski - II Liga 2023"]
[Site "Jastrzebia Gora"]
[Date "1899-12-30"]
[Round "5.37"]
[White "Baum, Jonasz"]
[Black "Sopur, Lech"]
[Result "1/2-1/2"]
[WhiteTitle "IM"]
[BlackTitle "m"]
[WhiteElo "2436"]
[BlackElo "2415"]

1. e4 e5 2. Nf3 Nc6 3. Bb5 Nf6 4. O-O Nxe4 5. Re1 Nd6 6. Nxe5 Be7 7. Bf1 Nxe5 8.
Rxe5 O-O 9. Nc3 Ne8 10. Nd5 Bd6 11. Re1 Nf6 12. Nxf6+ Qxf6 13. d4 b6 14. Bd3 Bb7
15. Qg4 h6 16. Bd2 Rfe8 17. c3 Rxe1+ 18. Rxe1 Rd8 19. h4 Bf8 20. Bf4 Bd6 21. Re5
Bf8 22. Re3 Bd6 23. Re5 Bf8 24. Bf5 g6 25. Bd3 d6 26. Re3 Bc8 27. Qg3 Bf5 28.
Bc4 Qg7 29. Qf3 c5 30. dxc5 bxc5 31. Qb7 Qf6 32. Bg3 Rd7 33. Qa8 Qd8 34. Re8 Qxa8
35. Rxa8 Be4 36. Rb8 Bc6 37. Bb5 1/2-1/2

[Event "Druzynowe Mistrzostwa Polski - II Liga 2023"]
[Site "Jastrzebia Gora"]
[Date "1899-12-30"]
[Round "5.38"]
[White "Goszczynski, Andrzej"]
[Black "Sidorczuk, Pawel"]
[Result "1-0"]
[WhiteTitle "I+"]
[BlackTitle "I+"]
[WhiteElo "2076"]
[BlackElo "2123"]

1. e4 e5 2. Nf3 Nc6 3. d4 exd4 4. Bc4 Nf6 5. e5 d5 6. Bb5 Ne4 7. Nxd4 Bc5 8. Be3
Bd7 9. Bxc6 bxc6 10. O-O Qe7 11. f3 Nd6 12. Bf2 Nf5 13. f4 O-O 14. c3 Bb6 15.
Qd3 Nxd4 16. cxd4 f6 17. Nd2 fxe5 18. fxe5 a5 19. a4 Qb4 20. Nf3 Rf4 21. Be3 Bf5
22. Qc3 Re4 23. Qxc6 Rd8 24. Bg5 Rf8 25. Qxd5+ Kh8 26. Kh1 Re2 27. Nh4 Be4 28.
Qb5 Ref2 29. Rxf2 Rxf2 30. Qd7 Qf8 31. Be3 Re2 32. e6 Rxe3 33. Qf7 Qd8 34. Rf1
h6 35. e7 Bxg2+ 36. Kxg2 Re2+ 37. Kh1 1-0

[Event "Druzynowe Mistrzostwa Polski - II Liga 2023"]
[Site "Jastrzebia Gora"]
[Date "1899-12-30"]
[Round "5.39"]
[White "Dalkowski, Rafal"]
[Black "Gradowski, Jacek"]
[Result "0-1"]
[WhiteTitle "k"]
[BlackTitle "k"]
[WhiteElo "2079"]
[BlackElo "2072"]

1. Nf3 Nf6 2. c4 e6 3. e3 d5 4. Nc3 c5 5. cxd5 exd5 6. d4 Nc6 7. Bb5 a6 8. Bxc6+
bxc6 9. dxc5 Bxc5 10. h3 O-O 11. O-O Re8 12. b3 Ne4 13. Na4 Bd6 14. Bb2 Re6 15.
Qd4 Rg6 16. Kh1 Bxh3 17. gxh3 Qd7 18. Ng1 Qf5 19. Bc3 Qxf2 0-1

[Event "Druzynowe Mistrzostwa Polski - II Liga 2023"]
[Site "Jastrzebia Gora"]
[Date "1899-12-30"]
[Round "5.40"]
[White "Flis, Pawel"]
[Black "Haliniak, Wojciech"]
[Result "0-1"]
[WhiteTitle "CM"]
[BlackTitle "I"]
[WhiteElo "1948"]
[BlackElo "1870"]

1. e4 e6 2. d4 d5 3. Nc3 Nf6 4. e5 Nfd7 5. f4 c5 6. Nf3 Nc6 7. Be3 a6 8. Qd2 b5
9. dxc5 Nxc5 10. Qf2 b4 11. Bxc5 bxc3 12. bxc3 Qa5 13. Bd4 Nxd4 14. Qxd4 Bd7 15.
Qd2 Rc8 16. Bd3 Rxc3 17. O-O Bb4 18. Qe2 Ba4 19. Kh1 Qc5 20. f5 exf5 21. Bxf5
O-O 22. Bxh7+ Kxh7 23. Ng5+ Kg8 24. Qh5 Bxc2 25. Nxf7 Bh7 26. Nd6 Rb8 27. Qf7+
Kh8 28. Qe6 Bg8 29. Qg6 Qe3 30. Nf5 Qxe5 31. Rae1 Qf6 32. Qh5+ Bh7 33. Ne7 Re3
34. Nxd5 Rxe1 35. Rxe1 Qf5 36. Re8+ Rxe8 37. Qxe8+ Bf8 38. h3 Bg8 39. Ne3 Qb1+
40. Kh2 Bd6+ 41. g3 Qxa2+ 42. Ng2 Qd5 43. Nh4 Qd2+ 44. Ng2 Qg5 45. Qe1 a5 46.
h4 Qg4 47. Ne3 Qxh4+ 48. Kg2 Qe4+ 49. Kf2 Bd5 50. Nxd5 Bxg3+ 0-1

[Event "Druzynowe Mistrzostwa Polski - II Liga 2023"]
[Site "Jastrzebia Gora"]
[Date "1899-12-30"]
[Round "5.41"]
[White "Suska, Szymon"]
[Black "Redlich, Bogdan"]
[Result "1-0"]
[WhiteTitle "I+"]
[BlackTitle "k"]
[WhiteElo "2058"]
[BlackElo "1788"]

1. e4 c5 2. Nc3 Nc6 3. g3 g6 4. Bg2 Bg7 5. d3 e6 6. Be3 Nd4 7. Qd2 Ne7 8. Nd1 e5
9. c3 Ne6 10. Ne2 d5 11. exd5 Nxd5 12. O-O O-O 13. a3 a5 14. c4 Ndc7 15. Ndc3
Rb8 16. Nd5 b6 17. Nec3 Nd4 18. Nxc7 Qxc7 19. Bxd4 exd4 20. Nd5 Qd6 21. b4 axb4
22. axb4 Be6 23. b5 Rfe8 24. Ra7 Bxd5 25. Bxd5 Re7 26. Rfa1 h5 27. Qg5 Rbe8 28.
Kg2 Qe5 29. Qxe5 Bxe5 30. Bc6 Rxa7 31. Rxa7 Rc8 32. Rb7 Rb8 33. Rd7 Bf6 34. Bd5
Rf8 35. Rd6 Bd8 36. Rxg6+ Kh7 37. Rd6 h4 38. Bxf7 Rxf7 39. Rxd8 h3+ 40. Kxh3 Rxf2
41. Rd7+ Kg8 42. Rd6 Rd2 43. Rxb6 Rxd3 44. Rc6 Rc3 45. Rxc5 d3 46. Rd5 Rxc4 47.
Rxd3 1-0

[Event "Druzynowe Mistrzostwa Polski - II Liga 2023"]
[Site "Jastrzebia Gora"]
[Date "1899-12-30"]
[Round "5.42"]
[White "Posuniak, Weronika"]
[Black "Matskevich, Varvara"]
[Result "1-0"]
[WhiteTitle "k+"]
[BlackTitle "I++"]
[WhiteElo "1907"]
[BlackElo "1690"]

1. d4 f5 2. e4 fxe4 3. Nc3 Nf6 4. Bg5 g6 5. h4 d5 6. h5 Bf5 7. Bxf6 exf6 8. g4
Be6 9. hxg6 Qd7 10. g5 fxg5 11. Qh5 Qg7 12. O-O-O Bd6 13. Kb1 Nd7 14. gxh7+ Bf7
15. Qg4 Nf6 16. Qe2 O-O-O 17. f3 Bb4 18. Qe3 Bxc3 19. Qxc3 Rxh7 20. Rxh7 Qxh7
21. Qa3 Kb8 22. Qe7 Rd6 23. fxe4 dxe4 24. Qf8+ Be8 25. Bc4 Qg6 26. Ne2 a6 27.
Rh1 Ka7 28. Ng3 Nd7 29. Qf2 Nb6 30. Be2 Bc6 31. Qe3 Nd5 32. Qa3 Nf4 33. Qe3 Ng2
34. Qc3 Qf6 35. Rh7 Rxd4 36. a3 Kb8 37. Nf5 Qxf5 38. Rh8+ Rd8 39. Rxd8+ Ka7 40.
Qd4+ b6 41. Rh8 Qd7 42. Qc4 b5 43. Qg8 Kb6 44. Qxg5 e3 45. Rh6 Kb7 46. Qf6 Qd6
47. Qg7 Qc5 48. Qf6 Qd6 49. Qg7 Qc5 50. b4 Qd5 51. Qg3 Qd2 52. Rxc6 Kxc6 53. Qxg2+
Kb6 54. Qg6+ c6 55. Qd3 Qxd3 56. cxd3 c5 57. bxc5+ Kxc5 58. Kb2 Kd4 59. Kb3 a5
60. Bf1 Kc5 61. Kc3 Kd5 62. Bg2+ Ke5 63. d4+ Kf4 64. Bf1 Ke4 65. Bxb5 Kd5 66.
Be2 1-0

[Event "Druzynowe Mistrzostwa Polski - II Liga 2023"]
[Site "Jastrzebia Gora"]
[Date "1899-12-30"]
[Round "5.43"]
[White "Suder, Jakub"]
[Black "Lapaj, Mateusz"]
[Result "1/2-1/2"]
[WhiteTitle "FM"]
[BlackTitle "k+"]
[WhiteElo "2304"]
[BlackElo "2218"]

1. d4 Nf6 2. c4 g6 3. Nc3 Bg7 4. e4 d6 5. Be2 O-O 6. Nf3 e5 7. O-O Nc6 8. d5 Ne7
9. Ne1 Nd7 10. Be3 f5 11. f3 f4 12. Bf2 g5 13. Rc1 Ng6 14. c5 Nxc5 15. b4 Na6
16. Nb5 Bd7 17. a4 h5 18. Kh1 Rf7 19. Rc4 Bf8 20. Rg1 Qe8 21. g3 Be7 22. Nd3 Kh8
23. gxf4 Nxf4 24. Nxf4 gxf4 25. Rxc7 Nxc7 26. Nxc7 Qd8 27. Nxa8 Qxa8 28. Qf1 Rg7
29. Bb5 Qe8 30. Bxa7 Bxb5 31. axb5 Qc8 32. Rxg7 Kxg7 33. Bf2 Kf7 34. b6 Bf6 35.
Qd3 Be7 36. Kg2 Bf6 1/2-1/2

[Event "Druzynowe Mistrzostwa Polski - II Liga 2023"]
[Site "Jastrzebia Gora"]
[Date "1899-12-30"]
[Round "5.44"]
[White "Garbowski, Jakub"]
[Black "Dziewonski, Dariusz"]
[Result "1/2-1/2"]
[WhiteTitle "k"]
[BlackTitle "k"]
[WhiteElo "2129"]
[BlackElo "2204"]

1. e4 e5 2. Nf3 Nc6 3. Bb5 a6 4. Ba4 Nf6 5. O-O b5 6. Bb3 Bc5 7. c3 d6 8. d4 Bb6
9. Be3 Bg4 10. Nbd2 O-O 11. h3 Bh5 12. d5 Bxe3 13. fxe3 Nb8 14. Qe1 Bg6 15. Nh4
Nbd7 16. Nf5 Nb6 17. Qh4 Bxf5 18. Rxf5 Ne8 19. Qg3 g6 20. Raf1 Ng7 21. R5f2 Qe7
22. Nf3 f5 23. Qg5 Qxg5 24. Nxg5 Nc4 25. Bxc4 bxc4 26. exf5 Rxf5 27. Nf3 Rb8 28.
g4 Rff8 29. Ng5 Rxf2 30. Rxf2 h6 31. Ne4 Ne8 32. Kg2 Rb5 33. Rd2 Kg7 34. Kf3 Nf6
35. Nxf6 Kxf6 36. h4 Kg7 37. Ke4 a5 38. a4 Rb8 39. Rf2 Rb3 40. h5 g5 41. Kf5 1/2-1/2